Les pays partageants une frontière terrestre avec l'Union Européenne - Statistiques

Statistiques générales
  • Ce quiz a été pris 182 fois
    180 depuis la dernière actualisation
  • Le résultat moyen est 17 sur 21
Statistiques - réponses
Pays Taille de la frontière en Km % Correct
Russie 2257
99%
Turquie 446
96%
Ukraine 1257
86%
Biélorussie 1050
85%
Royaume-Uni 652
82%
Andorre 120,3
81%
Norvège 2348
80%
Suisse 1811
80%
Serbie 945
79%
Vatican 3,2
79%
Albanie 282
78%
Maroc 15,9
78%
Saint-Marin 39
78%
Brésil 730
77%
Monaco 5,5
77%
Liechtenstein 34,9
76%
Moldavie 450
74%
Monténégro 25
74%
Bosnie-Herzégovine 932
73%
Macédoine 394
73%
Suriname 510
67%
Aucun quiz correspondant
Distribution des résultats
% des personnes avec chaque résultat
Percentile par nombre de réponses
Votre historique - résultats
Vous n’avez pas pris ce quiz depuis la dernière actualisation